000 02123cam a22005414i 4500
003 PE-LiUPU
005 20250731184531.0
008 150616s r 000 0 d
035 _a(Sirsi) a2193
040 _aPE-LiUPU
_bspa
_cPE-LiUPU
_erda
049 _aPRUA
082 0 4 _a985.001
_bP473f
_221
100 1 _aPesce, Hugo,
_d1900-1969
_eautor
245 1 3 _aEl factor religioso /
_cestudio de Hugo Pesce.
250 _aPrimera edición
264 1 _aLima :
_bEditora Amauta,
_c1972.
300 _a166 páginas :
_bilustraciones tabla pleg. ;
_c24 cm.
336 _atext
_2rdacontent
337 _aunmediated
_2rdamedia
338 _avolume
_2rdacarrier
490 0 _aBiblioteca Amauta. Presencia y proyección de los 7 ensayos
504 _aIncluye referencias bibliográficas.
505 0 _aLa cuestión de los orígenes -- Tomismo y marxismo en la teoría del conocimiento -- La teoría del conocimiento en Tomás y Marx -- La revelación cristiana y los manuscritos del mar Muerto -- Los fieles católicos -- El apostolado de los laicos -- El clero católico.
526 _aP136
526 _aP135
526 _aP134
526 _aP133
526 _aP144
526 _aP143
526 _aP87
526 _aP35
526 _aP20
526 _aP14
526 _aP10
526 _aP06
600 0 _9465
_aMariátegui, José Carlos,
_d1894-1930.
_t7 ensayos de interpretación de la realidad peruana.
610 0 _9466
_aIglesia Católica
_zPerú
_xHistoria.
650 0 4 _aSociología cristiana.
_92335
651 0 _9467
_aPerú
_xReligión
830 _9468
_aPresencia y proyección de los 7 ensayos.
910 _ajck
942 _2ddc
_cBOOK
949 _a261.8985 P46
_wDEWEY
_c1
_i36252
_lCCODEBUL1
_mBUL
_p00.00
_r0
_sY
_tBOOK
_u19760923
_xTEOLOGIA
_0COMPRA
_o.STAFF. Colección General
949 _a261.8985 P46
_wDEWEY
_c2
_i14687
_lCCODEBUL1
_mBUL
_p00.00
_r0
_sY
_tBOOK
_u2015-04-23
_xTEOLOGIA
_zUNKNOWN
_0COMPRA
_o.STAFF. Colección General
999 _c22447
_d22447
980 _81
_gALBERTO SANCHEZ Responsable de Automatización